| 000 | 00648nam a22001937a 4500 | ||
|---|---|---|---|
| 999 |
_c14673 _d14673 |
||
| 003 | AR-CdUCM | ||
| 008 | 190424b ||||| |||| 00| 0 spa d | ||
| 040 |
_aMUNICIPALIDAD PROVINCIAL DEL CUSCO _cBIBLIOTECA MUNICIPAL DEL CUSCO |
||
| 082 |
_aC / 398.05 / _bT12 |
||
| 100 |
_aMorote Best, Efrain _943909 |
||
| 245 | _aTradición / | ||
| 260 |
_aCuzco : _bPututero, _c1953. |
||
| 300 |
_a183 páginas ; _c23 cm. |
||
| 440 |
_aRevista peruana de cultura _n12-14 _933535 |
||
| 505 | _aRetorno a la sangre -- Wallparimachi -- Folklore amazónico -- lápiz de la noche... | ||
| 650 |
_aLiteratura. _943910 |
||
| 942 |
_2ddc _cPP |
||
| 945 |
_awfj _d2019-04-24 |
||